| 000 | 00336nam a22001337a 4500 | ||
|---|---|---|---|
| 020 | _a9780412617102 | ||
| 040 | _cNust | ||
| 082 |
_a620.104 _bCOY'S |
||
| 100 |
_aR.G Coyle _9127333 |
||
| 245 | _aSystem Dynamics Modeling | ||
| 260 |
_aLondon: _bChapman's Hall, _c1996. |
||
| 650 |
_aSystem Dynamics Modeling _963129 |
||
| 942 |
_2ddc _cBK |
||
| 999 |
_c612481 _d612481 |
||